000 01146cam a2200193 4500
001 ##ABS67338
008 031222n2003 000 0 eng u
035 _a(Sirsi) u124680
100 1 _aSmith, J.
245 0 0 _aAre you being surveyed? Housing and mortgage data in government surveys
260 _c2003
490 0 _aCML Housing Finance
_v(60) Winter 2003, 54-67(14)
520 _aDraws attention to the diverse range of valuable housing and mortgage related information found in government surveys. Some of the surveys cover topics not available elsewhere and the large sample of these surveys means that the results are robust and representative although some suffer from limited timeliness. Looks at seven key surveys such as the "Survey of English housing" and the "English house condition survey", highlighting their strengths and weaknesses. Provides tables of illustrative data from each source. References.
590 _aABS
650 2 4 _aDCLG DECENT HOMES STANDARD
651 4 _aEngland
_y886-
690 _aPROPERTY-RESIDENTIAL PROPERTY-RESIDENTIAL PROPERTY FINANCE AND INVESTMENT-MORTGAGING RESIDENTIAL PROPERTY
942 _n0
999 _c73994
_d73994